Вып. 4 : Неразрушающие методы и средства контроля; Диагностика и прогнозирование разрушения сварных конструкций

Chi tiết về thư mục
Parent link:Диагностика и прогнозирование разрушения сварных конструкций: республиканский межведомственный сборник научных трудов/ Академия наук Украинской ССР (АН УССР), Институт электросварки им. Е. О. Патона (ИЭС). Вып. 4 : Неразрушающие методы и средства контроля.— , 1985-1988
Ngôn ngữ:Tiếng Nga
Được phát hành: 1987
Những chủ đề:
Định dạng: Sách
KOHA link:https://koha.lib.tpu.ru/cgi-bin/koha/opac-detail.pl?biblionumber=274217

MARC

LEADER 00000nam2a2200000 4500
001 274217
005 20231101234715.0
035 |a (RuTPU)RU\TPU\book\297427 
035 |a RU\TPU\book\286333 
090 |a 274217 
100 |a 20141031d1987 k y0rusy5003 ca 
101 0 |a rus 
102 |a UA 
105 |a a z 000zy 
200 0 |a Вып. 4 : Неразрушающие методы и средства контроля 
210 |d 1987 
215 |d 26 см  |a 93 с.  |c ил. 
461 1 |0 (RuTPU)RU\TPU\book\107844  |t Диагностика и прогнозирование разрушения сварных конструкций  |o республиканский межведомственный сборник научных трудов  |f Академия наук Украинской ССР (АН УССР), Институт электросварки им. Е. О. Патона (ИЭС)  |v Вып. 4 : Неразрушающие методы и средства контроля  |d 1985-1988 
606 1 |a Сварные соединения и швы  |x Прочность  |2 stltpush  |3 (RuTPU)RU\TPU\subj\54001  |9 72164 
610 1 |a сварные конструкции 
610 1 |a разрушение 
610 1 |a акустико-эмиссионная диагностика 
610 1 |a теория 
610 1 |a методы 
610 1 |a средства 
610 1 |a неразрушающий контроль 
610 1 |a радиационные методы 
610 1 |a электромагнитные методы 
610 1 |a проникающие вещества 
610 1 |a дефектоскопия 
675 |a 621.791.05  |z rus  |v 4 
801 0 |a RU  |b 63413507  |c 19950704  |g psbo 
801 1 |a RU  |b 63413507  |c 20060818  |g PSBO 
801 2 |a RU  |b 63413507  |c 20170323  |g PSBO 
942 |c BK